Voices of resurgent Islam /

محفوظ في:

مؤلفون آخرون: Esposito, John L.

التنسيق: كتاب

اللغة: English

منشور في: New York : Oxford University Press, 1983.

الموضوعات:

الوسوم: إضافة وسم

لا توجد وسوم, كن أول من يضع وسما على هذه التسجيلة!

رقم الطلب: BP60 .V62 1983

LEADER 00682nam a2200253 a 4500
001 5918
003 OSt
005 20250923070455.0
008 130303s1983 nyu b 000 0 eng d
010 |a 82024544 
020 |a 019503340X  
035 |a (OCoLC)09133163 
035 |a 594079 
040 |c ARCE Library 
050 4 |a BP60 .V62 1983 
245 0 0 |a Voices of resurgent Islam /   |c edited by John L. Esposito. 
264 1 |a New York :  |b Oxford University Press,  |c 1983. 
300 |a x, 294 pages ;  |c 25 cm. 
504 |a Includes bibliographical references. 
650 0 |a Islam  |y 20th century. 
700 1 |a Esposito, John L. 
901 |a reviewed 
942 |c BK  |2 lcc 
999 |c 6040  |d 6040